<?xml version="1.0" encoding="UTF-8"?>
<collection xmlns="http://www.loc.gov/MARC21/slim">
    <record>
        <controlfield tag="001">45735</controlfield>
        <controlfield tag="005">20170831220521.0</controlfield>
        <datafield tag="037" ind1=" " ind2=" ">
            <subfield code="a">GDOC-2010-1143</subfield>
        </datafield>
        <datafield tag="041" ind1=" " ind2=" ">
            <subfield code="a">spa</subfield>
        </datafield>
        <datafield tag="100" ind1=" " ind2=" ">
            <subfield code="0">(orcid)0000-0003-3908-0493</subfield>
            <subfield code="a">Martín Yagüe, Jesús Joaquín</subfield>
        </datafield>
        <datafield tag="245" ind1="0" ind2="0">
            <subfield code="9">66415</subfield>
            <subfield code="a">Turbulencia y mezcla</subfield>
        </datafield>
        <datafield tag="260" ind1=" " ind2=" ">
            <subfield code="a">Zaragoza</subfield>
            <subfield code="b">Universidad de Zaragoza</subfield>
            <subfield code="c">2010-2011</subfield>
        </datafield>
        <datafield tag="520" ind1=" " ind2=" ">
            <subfield code="a">La asignatura familiariza al estudiante los principales conceptos y aplicaciones de flujos turbulentos y mezcla escalar turbulenta. Se tratan las principales teorías para su estudio, así como las metodologías matemáticas para su simulación numérica. La asignatura incluye una serie de sesiones prácticas en las que el alumno completa y pone en juego los conocimientos presentados en las clases teóricas</subfield>
        </datafield>
        <datafield tag="521" ind1=" " ind2=" ">
            <subfield code="9">653</subfield>
            <subfield code="a">Máster Universitario en Mecánica Aplicada</subfield>
        </datafield>
        <datafield tag="540" ind1=" " ind2=" ">
            <subfield code="a">by-nc-sa</subfield>
            <subfield code="b">Creative Commons</subfield>
            <subfield code="c">3.0</subfield>
            <subfield code="u">http://creativecommons.org/licenses/by-nc-sa/3.0/</subfield>
        </datafield>
        <datafield tag="700" ind1=" " ind2=" ">
            <subfield code="0">(orcid)0000-0002-2267-8598</subfield>
            <subfield code="a">Dopazo García, César</subfield>
        </datafield>
        <datafield tag="830" ind1=" " ind2=" ">
            <subfield code="9">325</subfield>
        </datafield>
        <datafield tag="856" ind1="4" ind2=" ">
            <subfield code="s">76800</subfield>
            <subfield code="u">http://zaguan.unizar.es/record/45735/files/guia.pdf</subfield>
            <subfield code="y">Guía (idioma español)</subfield>
        </datafield>
        <datafield tag="980" ind1=" " ind2=" ">
            <subfield code="a">GDOC</subfield>
            <subfield code="b">Ingeniería y Arquitectura</subfield>
            <subfield code="c">106</subfield>
        </datafield>
    </record>

    
</collection>